<?xml version="1.0" encoding="UTF-8"?>
<record
    xmlns:xsi="http://www.w3.org/2001/XMLSchema-instance"
    xsi:schemaLocation="http://www.loc.gov/MARC21/slim http://www.loc.gov/standards/marcxml/schema/MARC21slim.xsd"
    xmlns="http://www.loc.gov/MARC21/slim">

  <leader>02336nam0a2200337   4500</leader>
  <controlfield tag="001">RU\NLR\BIBL_A\012161057</controlfield>
  <controlfield tag="005">20260407114729.0</controlfield>
  <datafield tag="035" ind1=" " ind2=" ">
    <subfield code="a">(NLR Aleph) 012161057</subfield>
  </datafield>
  <datafield tag="090" ind1=" " ind2=" ">
    <subfield code="a">12190333</subfield>
    <subfield code="c">12190333</subfield>
  </datafield>
  <datafield tag="100" ind1=" " ind2=" ">
    <subfield code="a">20191211d1897    |||y0rusy50      ca</subfield>
  </datafield>
  <datafield tag="101" ind1="0" ind2=" ">
    <subfield code="a">rus</subfield>
  </datafield>
  <datafield tag="102" ind1=" " ind2=" ">
    <subfield code="a">RU</subfield>
  </datafield>
  <datafield tag="105" ind1=" " ind2=" ">
    <subfield code="a">y   z   000zy</subfield>
  </datafield>
  <datafield tag="200" ind1="1" ind2=" ">
    <subfield code="a">&#x415;&#x433;&#x43E; &#x41F;&#x440;&#x435;&#x432;&#x43E;&#x441;&#x445;&#x43E;&#x434;&#x438;&#x442;&#x435;&#x43B;&#x44C;&#x441;&#x442;&#x432;&#x443; &#x412;.&#x41A;. &#x424;&#x43E;&#x43D;-&#x41F;&#x43B;&#x435;&#x432;&#x435;. &#x41C;&#x438;&#x43B;&#x43E;&#x441;&#x442;&#x438;&#x432;&#x44B;&#x439; &#x413;&#x43E;&#x441;&#x443;&#x434;&#x430;&#x440;&#x44C; &#x412;&#x44F;&#x447;&#x435;&#x441;&#x43B;&#x430;&#x432; &#x41A;&#x43E;&#x43D;&#x441;&#x442;&#x430;&#x43D;&#x442;&#x438;&#x43D;&#x43E;&#x432;&#x438;&#x447;. &#x41F;&#x440;&#x435;&#x43F;&#x440;&#x43E;&#x432;&#x43E;&#x436;&#x434;&#x430;&#x44F; &#x43F;&#x440;&#x438; &#x441;&#x435;&#x43C; &#x43A;&#x43E;&#x43F;&#x438;&#x44E; &#x441; &#x43C;&#x43E;&#x435;&#x433;&#x43E; &#x43F;&#x438;&#x441;&#x44C;&#x43C;&#x430; &#x413;&#x43E;&#x441;&#x443;&#x434;&#x430;&#x440;&#x441;&#x442;&#x432;&#x435;&#x43D;&#x43D;&#x43E;&#x43C;&#x443; &#x41A;&#x43E;&#x43D;&#x442;&#x440;&#x43E;&#x43B;&#x435;&#x440;&#x443; &#x43E;&#x442; 29 &#x43C;&#x438;&#x43D;&#x443;&#x432;&#x448;&#x435;&#x433;&#x43E; &#x41D;&#x43E;&#x44F;&#x431;&#x440;&#x44F; &#x437;&#x430; &#x2116; 8351, &#x441; &#x43F;&#x440;&#x438;&#x43B;&#x43E;&#x436;&#x435;&#x43D;&#x438;&#x435;&#x43C; &#x43E; &#x440;&#x430;&#x437;&#x43D;&#x438;&#x446;&#x430;&#x445; &#x43C;&#x435;&#x436;&#x434;&#x443; &#x441;&#x443;&#x43C;&#x43C;&#x430;&#x43C;&#x438;, &#x432;&#x44B;&#x440;&#x443;&#x447;&#x435;&#x43D;&#x43D;&#x44B;&#x43C;&#x438; &#x43F;&#x43E; &#x44D;&#x43A;&#x441;&#x43F;&#x43B;&#x43E;&#x430;&#x442;&#x430;&#x446;&#x438;&#x438; &#x43A;&#x430;&#x437;&#x435;&#x43D;&#x43D;&#x44B;&#x445; &#x436;&#x435;&#x43B;&#x435;&#x437;&#x43D;&#x44B;&#x445; &#x434;&#x43E;&#x440;&#x43E;&#x433; &#x437;&#x430; 1892-1895 &#x433;&#x433;. ...</subfield>
    <subfield code="f">&#x412;&#x438;&#x442;&#x442;&#x435;</subfield>
    <subfield code="g">&#x41C;&#x438;&#x43D;&#x438;&#x441;&#x442;&#x440; &#x424;&#x438;&#x43D;&#x430;&#x43D;&#x441;&#x43E;&#x432;. 6 &#x434;&#x435;&#x43A;&#x430;&#x431;&#x440;&#x44F; 1897 &#x433;&#x43E;&#x434;&#x430;. &#x2116; 8547</subfield>
  </datafield>
  <datafield tag="210" ind1=" " ind2=" ">
    <subfield code="a">[&#x421;.-&#x41F;&#x435;&#x442;&#x435;&#x440;&#x431;&#x443;&#x440;&#x433;</subfield>
    <subfield code="c">&#x431;. &#x438;.]</subfield>
    <subfield code="d">1897</subfield>
  </datafield>
  <datafield tag="215" ind1=" " ind2=" ">
    <subfield code="a">1 &#x441;.</subfield>
    <subfield code="d">33</subfield>
  </datafield>
  <datafield tag="300" ind1=" " ind2=" ">
    <subfield code="a">&#x41D;&#x430; &#x441;&#x442;&#x440;. 1: DXCVI, 2</subfield>
  </datafield>
  <datafield tag="309" ind1=" " ind2=" ">
    <subfield code="a">&#x411;&#x435;&#x437; &#x442;&#x438;&#x442;. &#x43B;. &#x438; &#x43E;&#x431;&#x43B;.</subfield>
  </datafield>
  <datafield tag="517" ind1="1" ind2=" ">
    <subfield code="a">&#x41C;&#x438;&#x43B;&#x43E;&#x441;&#x442;&#x438;&#x432;&#x44B;&#x439; &#x413;&#x43E;&#x441;&#x443;&#x434;&#x430;&#x440;&#x44C;, &#x412;&#x44F;&#x447;&#x435;&#x441;&#x43B;&#x430;&#x432; &#x41A;&#x43E;&#x43D;&#x441;&#x442;&#x430;&#x43D;&#x442;&#x438;&#x43D;&#x43E;&#x432;&#x438;&#x447;. &#x41F;&#x440;&#x435;&#x43F;&#x440;&#x43E;&#x432;&#x43E;&#x436;&#x434;&#x430;&#x44F; &#x43F;&#x440;&#x438; &#x441;&#x435;&#x43C; &#x43A;&#x43E;&#x43F;&#x438;&#x44E; &#x441; &#x43C;&#x43E;&#x435;&#x433;&#x43E; &#x43F;&#x438;&#x441;&#x44C;&#x43C;&#x430; &#x413;&#x43E;&#x441;&#x443;&#x434;&#x430;&#x440;&#x441;&#x442;&#x432;&#x435;&#x43D;&#x43D;&#x43E;&#x43C;&#x443; &#x41A;&#x43E;&#x43D;&#x442;&#x440;&#x43E;&#x43B;&#x435;&#x440;&#x443; &#x43E;&#x442; 29 &#x43C;&#x438;&#x43D;&#x443;&#x432;&#x448;&#x435;&#x433;&#x43E; &#x41D;&#x43E;&#x44F;&#x431;&#x440;&#x44F; &#x437;&#x430; &#x2116; 8351, &#x441; &#x43F;&#x440;&#x438;&#x43B;&#x43E;&#x436;&#x435;&#x43D;&#x438;&#x435;&#x43C; &#x43E; &#x440;&#x430;&#x437;&#x43D;&#x438;&#x446;&#x430;&#x445; &#x43C;&#x435;&#x436;&#x434;&#x443; &#x441;&#x443;&#x43C;&#x43C;&#x430;&#x43C;&#x438;, &#x432;&#x44B;&#x440;&#x443;&#x447;&#x435;&#x43D;&#x43D;&#x44B;&#x43C;&#x438; &#x43F;&#x43E; &#x44D;&#x43A;&#x441;&#x43F;&#x43B;&#x43E;&#x430;&#x442;&#x430;&#x446;&#x438;&#x438; &#x43A;&#x430;&#x437;&#x435;&#x43D;&#x43D;&#x44B;&#x445; &#x436;&#x435;&#x43B;&#x435;&#x437;&#x43D;&#x44B;&#x445; &#x434;&#x43E;&#x440;&#x43E;&#x433; &#x437;&#x430; 1892-1895 &#x433;&#x433;. ...</subfield>
  </datafield>
  <datafield tag="606" ind1="1" ind2=" ">
    <subfield code="a">&#x413;&#x43E;&#x441;&#x443;&#x434;&#x430;&#x440;&#x441;&#x442;&#x432;&#x435;&#x43D;&#x43D;&#x44B;&#x435; &#x434;&#x43E;&#x445;&#x43E;&#x434;&#x44B;</subfield>
    <subfield code="j">&#x414;&#x43E;&#x43A;&#x443;&#x43C;&#x435;&#x43D;&#x442;&#x44B; &#x438; &#x43C;&#x430;&#x442;&#x435;&#x440;&#x438;&#x430;&#x43B;&#x44B;</subfield>
    <subfield code="y">&#x420;&#x43E;&#x441;&#x441;&#x438;&#x44F;</subfield>
    <subfield code="9">2334622</subfield>
    <subfield code="3">RU\NLR\AUTH\6601619823</subfield>
  </datafield>
  <datafield tag="686" ind1="3" ind2=" ">
    <subfield code="a">&#x423;26(28)141,011</subfield>
  </datafield>
  <datafield tag="700" ind1=" " ind2="1">
    <subfield code="8">rus</subfield>
    <subfield code="7">ca</subfield>
    <subfield code="a">&#x412;&#x438;&#x442;&#x442;&#x435;</subfield>
    <subfield code="b">&#x421;. &#x42E;.</subfield>
    <subfield code="f">1849-1915</subfield>
    <subfield code="g">&#x421;&#x435;&#x440;&#x433;&#x435;&#x439; &#x42E;&#x43B;&#x44C;&#x435;&#x432;&#x438;&#x447;</subfield>
    <subfield code="3">RU\NLR\AUTH\772753</subfield>
    <subfield code="9">112761</subfield>
  </datafield>
  <datafield tag="702" ind1=" " ind2="1">
    <subfield code="4">570</subfield>
    <subfield code="8">rus</subfield>
    <subfield code="7">ca</subfield>
    <subfield code="a">&#x41F;&#x43B;&#x435;&#x432;&#x435;</subfield>
    <subfield code="b">&#x412;.&#x41A;.</subfield>
    <subfield code="f">1846-1904</subfield>
    <subfield code="g">&#x412;&#x44F;&#x447;&#x435;&#x441;&#x43B;&#x430;&#x432; &#x41A;&#x43E;&#x43D;&#x441;&#x442;&#x430;&#x43D;&#x442;&#x438;&#x43D;&#x43E;&#x432;&#x438;&#x447;</subfield>
    <subfield code="3">RU\NLR\AUTH\77525</subfield>
    <subfield code="9">110574</subfield>
  </datafield>
  <datafield tag="712" ind1="0" ind2="1">
    <subfield code="4">570</subfield>
    <subfield code="a">&#x420;&#x43E;&#x441;&#x441;&#x438;&#x44F;</subfield>
    <subfield code="b">&#x41C;&#x438;&#x43D;&#x438;&#x441;&#x442;&#x435;&#x440;&#x441;&#x442;&#x432;&#x43E; &#x444;&#x438;&#x43D;&#x430;&#x43D;&#x441;&#x43E;&#x432;</subfield>
    <subfield code="3">RU\NLR\AUTH\889947360</subfield>
    <subfield code="9">390360</subfield>
  </datafield>
  <datafield tag="852" ind1=" " ind2=" ">
    <subfield code="a">NLR</subfield>
    <subfield code="j">135/294-329(30-1)</subfield>
  </datafield>
  <datafield tag="942" ind1=" " ind2=" ">
    <subfield code="c">BOOK</subfield>
  </datafield>
  <datafield tag="980" ind1=" " ind2=" ">
    <subfield code="a">NB</subfield>
  </datafield>
</record>
